Famous Mummies - Statistics

General Stats
  • This quiz has been taken 26 times
    11 since last reset
  • The average score is 2 of 6
Answer Stats
Country Description Answer % Correct
Egypt The Boy King Tut
100%
Egypt A powerful pharaoh found in 1881. Ramses
45%
Austria\Italy Alpine mummy known as the Iceman. Otzi
36%
Peru High Ranking Woman of the Moche People Cao
0%
Mexico A Doctor who died of Chlorea. Accidentaly mummified by dry conditions. Remigio Leroy
0%
Japan Self-Mummifying Monk Tetsumonkai
0%
No matching quizzes found
Score Distribution
Percent of People with Each Score
Percentile by Number Answered
Your Score History
You have not taken this quiz since the last reset